00767nam a2200229 i 4500003000900000005001700009007000300026008004100029020001800070040003000088082000700118100002600125245011000151264003000261300002800291336002700319337003300346338002800379500005700407504003900464700003400503DO-SdBNP20240710122321.0ta240710b2008 ck ||||| |||| 00| 0 spa d a9789584509512 aDO-SdBNPbspacBNPHUerda 42221 aWikstrom, Owe,eautor13aEl elogio de la lentitud :bla promesa de una vida sin prisa /cOwe Wikstrom ; traducción, Paula Botero aColombia :bNorma,c2008. a193 páginas ;c20 cm. 2rdacontentatextobtxt 2rdamediaasin mediaciónbn 2rdacarrieravolumenbnc aIncluye datos biográficos del autor en las solapas aBibliografía : páginas 191-193 aBotero, Paula,etraducci►2n